000 00916nam a22002417a 4500
999 _c76079
_d76079
005 20200130130430.0
008 080826t xxu||||| |||| 00| 0 eng d
010 _aB-506588-589
020 _a9788131768532
_c425.00
035 _aB-506588-589
037 _aKKP/Ven
040 _aDPL
_bEnglish
082 _a547
100 _aSinghal, Atul
245 _aThe pearson guide to Organic Chemistry for medical entrance examinations /
_bby Atul Singhal
246 _aOrganic Chemistry for medical entrance examinations
260 _aDelhi
_bPearson Education
_c20?
270 _a7th Floor, Knowledge Boulevard, A-8(A), Sec-62
_bNoida
_e201309
300 _aVarious pages
_c25 cm (pbk)
500 _a.
942 _2ddc
_cEN
_mSIN
_h547